कधी बहर कधी शिशिर (Record no. 107406)

MARC details
000 -LEADER
fixed length control field 00563nam a2200181Ia 4500
008 - FIXED-LENGTH DATA ELEMENTS--GENERAL INFORMATION
fixed length control field 090124s9999 xx 000 0 und d
082 ## - DEWEY DECIMAL CLASSIFICATION NUMBER
Item number 41265
100 ## - MAIN ENTRY--PERSONAL NAME
Personal name देव यशवंत
245 ## - TITLE STATEMENT
Title कधी बहर कधी शिशिर
250 ## - EDITION STATEMENT
Edition statement 1
260 ## - PUBLICATION, DISTRIBUTION, ETC. (IMPRINT)
Name of publisher, distributor, etc अनघा प्रकाशन
Date of publication, distribution, etc 2004
300 ## - PHYSICAL DESCRIPTION
Extent 158
600 ## - SUBJECT ADDED ENTRY--PERSONAL NAME
Personal name देव यशवंत
630 ## - SUBJECT ADDED ENTRY--UNIFORM TITLE
Uniform title कधी बहर कधी शिशिर
700 ## - ADDED ENTRY--PERSONAL NAME
Personal name देव यशवंत
730 ## - ADDED ENTRY--UNIFORM TITLE
Uniform title कधी बहर कधी शिशिर
942 ## - ADDED ENTRY ELEMENTS (KOHA)
Koha item type Book
Holdings
Withdrawn status Lost status Damaged status Not for loan Home library Current library Date acquired Cost, normal purchase price Total Checkouts Full call number Barcode Date last seen Cost, replacement price Price effective from Koha item type
        Nagar Wachan Mandir, Thane Nagar Wachan Mandir, Thane   160.00   41265 THNNWM-41265 01/24/2009 160.00 01/24/2009 Book